| 000 | 01104cam a2200253 4500 | ||
|---|---|---|---|
| 001 | WB4017-02 | ||
| 008 | 040505n2004 000 0 eng u | ||
| 035 | _a(Sirsi) u126096 | ||
| 245 | _aEuropean competition rules to be enforced nationally | ||
| 260 | _c2004 | ||
| 490 |
_aOFT Press Release _v(80/04) 30 April 2004 (3) |
||
| 520 | _aThe European competition rules can be enforced directly by the courts and the OFT, from 1 May 2004. The OFT will apply EC competition law to anti-competitive agreements and abuses of dominance in the UK, where they may have an effect on trade between member states. Further information on competition rules is available from the OFT website at http://www.oft.gov.uk. http://www.oft.gov.uk/News/Press+releases/2004/80- 04.htm | ||
| 590 | _aWB | ||
| 590 | _aWB | ||
| 650 | _aCOMPETITION RULES | ||
| 650 | _aEUROPEAN COMPETITION LAWS | ||
| 650 | _aCOMPETITION ACT 1998 | ||
| 650 | _aANTI-COMPETITIVE AGREEMENTS | ||
| 650 | _aEUROPE | ||
| 650 | _aEC TREATY ART 81 | ||
| 650 | _aEC TREATY ART 82 | ||
| 690 |
_aBusiness and management _96226 |
||
| 942 | _n0 | ||
| 999 |
_c117290 _d117290 |
||